GEÇMİŞİN GÖLGESİ GELECEĞİN LANETİ (Record no. 728722)

MARC details
000 -LEADER
sabit uzunluktaki kontrol alanı 00267nam a2200097Ia 4500
001 - KONTROL NUMARASI
kontrol alanı 728722
005 - EN SON İŞLEMİN TARİH VE ZAMANI
kontrol alanı 20250826163513.0
008 - SABİT-UZUNLUKTA VERİ ÖĞELERİ--GENEL BİLGİ
sabit uzunluktaki kontrol alanı 250824s9999 xx 000 0 und d
245 #0 - ESER / YAZAR
ESER ADI GEÇMİŞİN GÖLGESİ GELECEĞİN LANETİ
Yazar Adı M. İHSAN TATARİ
260 ## - YAYIN, DAĞITIM, VB.
YAYIN EVİ BU YAYIN EVİ
Holdings
Düşüm durumu Kayıp durumu Hasar Durumu Ödünç verilmez Ana kütüphane Geçerli Kütüphane Edinilen tarih Toplam ödünç verme sayısı Barkod Son görüntüleme tarihi Fiyatın geçerli olmaya başladığı tarih Koha materyal türü
        ŞEHİT ABDULLAH TAYYİP OLÇOK İMAM HATİP ORTAOKULU ŞEHİT ABDULLAH TAYYİP OLÇOK İMAM HATİP ORTAOKULU 24.08.2025   10093131 20.02.2026 26.08.2025 Books